|
|
|
|
| LEADER |
01128nam a2200277 a 4500 |
| 001 |
c000009708 |
| 003 |
CARM |
| 005 |
00000000000000.0 |
| 008 |
870114s1960 enko 00100 eng d |
| 019 |
1 |
|
|a 4995579
|5 LACONCORD2021
|
| 035 |
|
|
|a (OCoLC)21684126
|5 LACONCORD2021
|
| 040 |
|
|
|a VERC
|c VERC
|
| 245 |
0 |
4 |
|a The Changing Soviet school :
|b the Comparative Education Society field study in the U.S.S.R. /
|c edited by George Z.F. Bereday, William W. Brickman and Gerald H. Read with the assistance of Ina Schlesinger.
|
| 260 |
|
|
|a London :
|b Constable,
|c c1960.
|
| 300 |
|
|
|a 514 p. :
|b ill. ;
|c 22 cm.
|
| 500 |
|
|
|a Includes index.
|
| 504 |
|
|
|a Bibliography: p. 481-488.
|
| 650 |
|
0 |
|a Education
|z Soviet Union.
|
| 700 |
1 |
|
|a Brickman, William W.
|
| 700 |
1 |
|
|a Read, Gerald H.
|
| 700 |
1 |
|
|a Bereday, George Z. F.
|
| 710 |
2 |
|
|a Comparative Education Society (U.S.)
|
| 852 |
8 |
|
|b CARM
|h A2:AH01A0
|i B03632
|p 0176109
|f BK
|
| 082 |
0 |
4 |
|a 370.947
|2 19
|
| 999 |
f |
f |
|i b145a04a-08a2-5c98-b89e-fbf3172bbffd
|s 5cde1b1e-f5ed-56aa-bc17-9c30248df5bf
|
| 952 |
f |
f |
|p Can circulate
|a CAVAL
|b CAVAL
|c CAVAL
|d CARM 1 Store
|e B03632
|f A2:AH01A0
|h Other scheme
|i book
|m 0176109
|